Chess Pieces - Sudden Death - Statistics

General Stats
  • This quiz has been taken 228 times
  • The average score is 6 of 6
Answers on the Grid
Answers color-coded by a green-red scale on the quiz's grid according to % correct below.
Knight
Horse
Peasant
Queen
King
Pawn
Pope
Bishop
Rook
Paun
Tower
Soldier
 
Answer Stats
Answer % Correct
Pawn
98%
Queen
98%
King
94%
Rook
92%
Bishop
89%
Knight
89%
No matching quizzes found
Score Distribution
Percent of People with Each Score
Percentile by Number Answered
Your Score History
You have not taken this quiz